01076nam a2200301 450000100040000000300040000400500170000800700040002500800410002902000150007003500200008503500230010503500260012803500160015404000200017009000150019024501330020526000500033830000240038850001040041250400530051665000310056970000300060070000500063071000670068094200120074799900150075900000020150414120712.0000870126s1985 enk b 001 0 eng d a0851869173 a(OCoLC)12524526 a(OCoLC)ocm12524526 a(CStRLIN)NYCG87-B7870 a(NNC)598849 aUOELcCLSUdNNC aQD15b.R4200aRecent developments in the history of chemistry /ceditor and senior author, C.A. Russell ; authors, R.G.W. Anderson,...[et al.] aLondon :bRoyal Society of Chemistry,cc1985. ax, 333 p. ;c22 cm. a"It originated from an initiative of the Historical Group of the Royal Society of Chemistry..."p.1. aIncludes bibliographical references and indexes. 0aChemistryxHistoriography.1 aRussell, Colin Archibald.1 aAnderson, R. G. W.q(Robert Geoffrey William)2 aRoyal Society of Chemistry (Great Britain).bHistorical Group. 2lcccLL c4872d4872